| 000 | 00774nam a22002057a 4500 | ||
|---|---|---|---|
| 001 | 86290 | ||
| 003 | BD-RjUL | ||
| 005 | 20260401141505.0 | ||
| 008 | 260401s1977 ii ||||| |||| 00| 0 urd d | ||
| 035 | _a(BD-RjUL)86290 | ||
| 040 |
_aBD-RjUL _beng _cBD-RjUL |
||
| 041 | _aurd | ||
| 082 |
_223 _a891.4391409 _bABG 1977 |
||
| 100 | 1 | 0 |
_aعبدالرحمن ، سید صباح الدین ;; Abdul Rahman, Syed Sabahuddin _917954 |
| 245 |
_aغالب مدح و قدح کی روشنی میں ;; ghalb :madah w qadah ki roshani min / _cسید صباح الدین عبد الرحمن ;; Syed Sabahuddin Abdul Rahman |
||
| 260 |
_a: اعظم گڑھ _bمعارف پریس، _c1977 |
||
| 300 |
_a442 p. ; _c23 cm |
||
| 650 |
_aurdu poetry _vhistory & criticism _95120 |
||
| 942 |
_2ddc _cBK |
||
| 999 |
_c86290 _d86290 |
||